LEADER 01347nas a2200265 i 4500 001 000000205022 003 CaOOAMICUS 005 20110818000000.0 008 110810b2001 xxuuu u0 0eng r 013 $a183755 040 $aSeMil$bita 245 10$a[2001]. 260 $aSouth Orange (New Jersey) :$bBiblical Theology Bulletin,$ccopyr. 2001. 300 $a160 p. ;$c28 cm. 500 $aArticoli con sintesi in inglese [Abstract] in testa. 773 0 $tBiblical Theology Bulletin.$dRome : [s.n.], 1973.$x0146-1079$w()1984 774 0 $tCan the Book of Proverbs Be a Player in "Biblical Theology"? ; Zechariah's Unbelief and Early Jewish-Christian Relations... ; One Form of Social Exchange or Two?... ; The Construction of Galilee as a Place for the Historical Jesus (1). - Tit. da cop.$w()275876 774 0 $tReinstating Isaac.$w()275877 774 0 $tOnce Again, the "Center" of the Old Testament ; Words that Testify of God ; Matthew 6:9-13/Luke 11:2-4.$w()275878 774 0 $tCritic of Biblical Theologians.$w()275879 850 $aSeMil 852 $aSeMil$W1$xVenegono$y1$m188 2 31$j155516$B155516$CSeMilBibl$Z2$F167120 $85 961 $aAcquisto: Herder 996 $6245$a[2001]$9(OLS)http://semarc/title/140122 996 $6260$aSouth Orange (New Jersey) :$bBiblical Theology Bulletin$9(OLS)http://semarc/publisher/51984 LEADER 01025nam a2200241 i 4500 001 000000116050 003 CaOOAMICUS 005 20030606000000.0 008 030606s1987 it u000 u ita u 013 $a88739 040 $aSeMil$bita 100 1 $aAmargier, Paul.$0(OLS)http://semarc/name/48472 245 10$aUrbain 5. :$bun homme, une vie : 1310-1370 /$cPaul Amargier. 260 $aMarseille :$b[s.n.],$c1987. 300 $a161 p. ;$c20 cm. 500 $aContiene : Annexes ; Bibliographie. - In mezzo al front. : Societe des medievistes provençaux, Basilique Saint-Victor. - Fondo Card. C.M. Martini. 600 04$aUrbano V .$0(OLS)http://semarc/subject/16659 850 $aSeMil 852 $aSeMil$W1$xVenegono$y1$m3A I 147$j71533$B71533$CSeMilBibl$Z2$F84739 $81 941 1 $a4 961 $aOmaggio: Martini Card. Carlo Maria 996 $6245$aUrbain 5. :$bun homme, une vie : 1310-1370$9(OLS)http://semarc/title/170101 996 $6260$aMarseille :$b[s.n.]$9(OLS)http://semarc/publisher/45529